[Event "CAN-ch U14"]
[Site "Windsor"]
[Date "2015.07.07"]
[Round "2.31"]
[White "Anandji, Aaron"]
[Black "Harvey, Ryan"]
[Result "1-0"]
[WhiteElo "1046"]
[BlackElo "559"]
[PlyCount "147"]
[EventDate "2015.07.06"]
[EventType "swiss"]
[EventRounds "7"]
[EventCountry "CAN"]
[SourceTitle "EXT 2022"]
[Source "ChessBase"]
[SourceDate "2021.10.06"]
[SourceVersion "1"]
[SourceVersionDate "2021.10.06"]
[SourceQuality "1"]

1. e4 e5 2. Nf3 Nc6 3. d4 exd4 4. Nxd4 Nf6 5. Nc3 d5 6. Nxc6 bxc6 7. Bg5 Be7 8. Qf3 Nxe4 9. Nxe4 dxe4 10. Qxe4 Be6 11. Bxe7 Qxe7 12. Qxc6+ Bd7+ 13. Kd2 Bxc6 14. Re1 Rd8+ 15. Bd3 Qe6 16. Kc1 0-0 17. Rxe6 fxe6 18. f3 Bd5 19. Rd1 Bxa2 20. b3 Rd6 21. Kb2 Bxb3 22. cxb3 c5 23. Bxh7+ Kxh7 24. Rxd6 Re8 25. Kc3 a5 26. Ra6 Rd8 27. Rxa5 Rd5 28. Ra6 Re5 29. Ra2 Re3+ 30. Kc4 Re5 31. Rd2 g6 32. Kc3 Re3+ 33. Kc2 Kg7 34. Kb2 Re5 35. Kc3 Kf6 36. g3 Re3+ 37. Rd3 Re2 38. Rd2 Re3+ 39. Rd3 Re2 40. h4 Re5 41. Kd2 Kf5 42. Re3 Rd5+ 43. Ke2 Rd4 44. Rd3 Rb4 45. Kf2 e5 46. Re3 Rd4 47. Ke2 Rb4 48. Rc3 Rb6 49. Ke3 Rb4 50. Kf2 Rd4 51. Rxc5 Rb4 52. Rc6 e4 53. Rc5+ Ke6 54. Rc4 Rxb3 55. Rxe4+ Kf5 56. g4+ Kf6 57. Kg3 g5 58. h5 Kg7 59. Re5 Kh6 60. Re6+ Kg7 61. Rg6+ Kh7 62. Rxg5 Kh6 63. Rg6+ Kh7 64. Re6 Kg7 65. Kf4 Rb4+ 66. Re4 Rb6 67. Kg5 Rb5+ 68. Kh4 Kh6 69. g5+ Kh7 70. Re7+ Kh8 71. f4 Kg8 72. h6 Kh8 73. g6 Kg8 74. Re8# 1-0

[Event "CAN-ch U14"]
[Site "Windsor"]
[Date "2015.07.07"]
[Round "3.35"]
[White "Huang, Ken"]
[Black "Harvey, Ryan"]
[Result "1-0"]
[WhiteElo "1435"]
[BlackElo "559"]
[PlyCount "77"]
[EventDate "2015.07.06"]
[EventType "swiss"]
[EventRounds "7"]
[EventCountry "CAN"]
[SourceTitle "EXT 2022"]
[Source "ChessBase"]
[SourceDate "2021.10.06"]
[SourceVersion "1"]
[SourceVersionDate "2021.10.06"]
[SourceQuality "1"]

1. e4 e5 2. Nc3 Nc6 3. f4 d6 4. f5 Nf6 5. Nf3 d5 6. Bb5 Nxe4 7. Nxe4 dxe4 8. Nxe5 Bxf5 9. Nxc6 bxc6 10. Bxc6+ Bd7 11. Bxa8 Qxa8 12. 0-0 Bc5+ 13. Kh1 0-0 14. Qh5 Bb6 15. a4 a5 16. b3 Qa6 17. Ba3 c5 18. Bxc5 Bxc5 19. Qxc5 Rc8 20. Qe7 Be6 21. Rf2 Rf8 22. Raf1 Qc6 23. Rf4 Qxc2 24. Qxe6 Qc7 25. Qxe4 h6 26. Rxf7 Rxf7 27. Qe8+ Kh7 28. Qxf7 Qe5 29. Qf5+ Qxf5 30. Rxf5 g5 31. Rxa5 Kg6 32. Re5 Kh5 33. a5 Kg4 34. a6 Kf4 35. d4 g4 36. a7 g3 37. hxg3+ Kxg3 38. a8Q h5 39. Qf3+ 1-0